000 00952cab a2200325 4500
001 ABS43676
008 090401t1990 xxu||||| |||| 00| 0 eng d
035 _a(Sirsi) u42922
041 _aeng
100 _aTait, D.
245 _aSheltered housing - the growing importance of management
260 _c1990
350 _a0
490 _aProperty Management
_v8(4) Autumn 1990, 337-342(7)
520 _aAssesses the need for good management techniques for sheltered housing complexes.
650 _aCOMMON PARTS
650 _aLANDLORD AND TENANT ACT 1985
650 _aLANDLORD AND TENANT ACT 1988
650 _aMANAGEMENT COMPANY
650 _aMANAGING AGENTS
650 _aNHBC CODE OF PRACTICE
650 _aPREVENTATIVE MAINTENANCE
650 _aRESIDENT MANAGER
650 _aRETIREMENT HOUSING
650 _aSERVICES
650 _aSINKING FUND
690 _aBlock management
_96220
942 _n0
948 _c04/03/1997
999 _c27452
_d27452